R v Planning Inspectorate Cardiff (Record no. 64005)

MARC details
000 -LEADER
fixed length control field 00724cam a2200169 4500
001 - CONTROL NUMBER
control field X107037
008 - FIXED-LENGTH DATA ELEMENTS--GENERAL INFORMATION
fixed length control field 000000n2000 000 0 eng u
035 ## - SYSTEM CONTROL NUMBER
System control number (Sirsi) u107037
245 ## - TITLE STATEMENT
Title R v Planning Inspectorate Cardiff
260 ## - PUBLICATION, DISTRIBUTION, ETC.
Date of publication, distribution, etc. 2000
490 ## - SERIES STATEMENT
Series statement New Property Cases
Volume/sequential designation [2000] NPC 68 (17/06/2000)
520 ## - SUMMARY, ETC.
Summary, etc. QBD 15 June 2000. The jurisdiction of the Court to follow the 'just' route is excluded by para 12 of sch.15 of the Wildlife and Access to the Countryside Act 1981. HEADNOTE FROM JOURNAL - DO NOT PHOTOCOPY.
650 ## - SUBJECT ADDED ENTRY--TOPICAL TERM
Topical term or geographic name entry element R V CARDIFF PLANNING INSPECTORATE
650 ## - SUBJECT ADDED ENTRY--TOPICAL TERM
Topical term or geographic name entry element WILDLIFE AND ACCESS TO THE COUNTRYSIDE ACT 1981
690 ## - LOCAL SUBJECT ADDED ENTRY--TOPICAL TERM (OCLC, RLIN)
Topical term or geographic name as entry element ENVIRONMENTAL AND LAND CONSULTANCY-PLANNING AND DEVELOPMENT
942 ## - ADDED ENTRY ELEMENTS (KOHA)
Suppress in OPAC 0
Holdings
Withdrawn status Lost status Source of classification or shelving scheme Damaged status Not for loan Home library Current library Shelving location Date acquired Total Checkouts Full call number Barcode Date last seen Copy number Price effective from Koha item type
    Dewey Decimal Classification     London London Journal article 07/07/2000   X107037 107037-1001 06/08/2019 1 06/08/2019 Law report